| 000 | 00735nam a2200229Ia 4500 | ||
|---|---|---|---|
| 003 | OSt | ||
| 005 | 20221005111700.0 | ||
| 006 | a|||||r|||| 00| 0 | ||
| 007 | ta | ||
| 008 | 221004b |||||||| |||| 00| 0 hin d | ||
| 024 | _a24022 | ||
| 037 | _cTextual | ||
| 040 |
_aCRL _cCRL _bhin |
||
| 041 |
_2hin _ahin |
||
| 082 | _aQ5:2, 152K2 | ||
| 245 | 0 | _aधर्मशास्त्र अर्थात् पुराना और नया धर्म नियम | |
| 246 | _aDharmashāstra arthāt purānā aur nayā dharma niyama | ||
| 260 |
_aबंगलौर _bबाइबल समिति _c1962 |
||
| 300 |
_a377पृ0 _ccm. |
||
| 942 |
_hQ5:2, 152K2 _cTEXL _2cc |
||
| 999 |
_c1022570 _d1022570 |
||